2025 FIFA Club World Cup Teams - Statistics

General Stats
  • This quiz has been taken 1,712 times
    379 since last reset
  • The average score is 25 of 32
Answers on the Map
Answers color-coded by a green-red scale on the quiz's map according to % correct below.
 
Answer Stats
Country Answer % Correct
Paris Saint-Germain
95%
Real Madrid
94%
Bayern Munich
93%
Chelsea
93%
Inter Milan
93%
United States Inter Miami
92%
Manchester City
92%
Borussia Dortmund
89%
Atlético Madrid
88%
Porto
88%
Benfica
86%
Juventus
86%
Boca Juniors
84%
Saudi Arabia Al-Hilal
81%
River Plate
80%
Auckland City
78%
Flamengo
77%
Red Bull Salzburg
75%
Al Ahly
74%
Botafogo
74%
United States Seattle Sounders
72%
United States Los Angeles FC
71%
Palmeiras
70%
Monterrey
69%
Fluminense
66%
Mamelodi Sundowns
62%
Al Ain
60%
Espérance de Tunis
60%
Pachuca
58%
Ulsan HD
55%
Wydad AC
54%
Urawa Red Diamonds
53%
No matching quizzes found
Score Distribution
Percent of People with Each Score
Percentile by Number Answered
Your Score History
You have not taken this quiz since the last reset